000 00320ngm a22001454a 4500
008 150618s1968 xx 105 000 zlspa d
040 _c AR-RoIUNI
245 _aGalileo /
_cLeonardo Pescarolo.
260 _c1968
300 _a1 dvd
306 _a014500
650 4 _aPSICOLOGÍA
650 4 _aDRAMA
942 _cVM
_2cdu
999 _c2209
_d2209